000 00725nas a2200241 4500
001 BR8202161
003 BR-BrBNA
005 20231205085130.0
007 ta
008 230509b bl.|||p| |||| 00| 00por d
040 _aBR-BrBNA
_bpor
_cBiblioteca Nacional de Agricultura
041 _a(Pt)
072 _aH10
100 1 _aAzevedo Filho, A.J.B.V.
245 1 _aO suprimento de energia para armadilhas luminosas [inseto]
246 1 _aEnergy supply for light traps [insect]
650 _aINSETO
650 _aARMADILHA LUMINOSA
650 _aCONTROLE FISICO
773 0 _tSolo (Brazil)
_xISSN 0584-0821
_g(Jul 1981), v. 73(2) p. 43-52
_wBR8202161
909 _a202311
_bLúcia
_c55
_dLúcia Elande
942 _2AGRIS
_n0
_cANA
999 _c109429
_d109429